000
00299nam a22001217a 4500
003
SGT
082
_a
891.4309
_b
V96G
100
_a
गौतम
245
_a
विनोभा साहित्य
260
_b
परंधाम प्रकाशन
_c
1996
300
_a
520
942
_2
ddc
_c
BK
999
_c
31232
_d
31232